000 00627nam a2200229Ia 4500
003 OSt
005 20220918202334.0
006 a|||||r|||| 00| 0
007 ta
008 220917b |||||||| |||| 00| 0 eng d
024 _a100,461
037 _cTextual
040 _aARTS
_cARTS
_beng
041 _2eng
_aeng
082 _aV2-3:2.N3, F8
100 _aRuthnaswamy M
_9101541
245 0 _aPolitical theory of the Government of India
_b Lecturer delivered at Madras Thompson & co.
260 _c1928
650 _aHISTORY
942 _hV2-3:2.N3, F8
_cTEXL
_2CC
999 _c223990
_d223990